000
00332nam a22001457a 4500
008
250324b |||||||| |||| 00| 0 eng d
020
_a
9780702082528
050
_a
RD31
_b
.P75
245
_a
Principles and practice of surgery
250
_a
8th
260
_b
Elsevier
_c
2023
300
_a
xi,568p
650
_a
Surgery
942
_c
BK
999
_c
2634
_d
2634